000 00693nam a2200289Ia 4500
005 20260324133545.0
008 008 260324s9999 xx 000 0 eng d
020 _a9781003555575
037 _aEBOOK
040 _aCRL
040 _beng
040 _cCRL
041 _2eng
041 _aeng
084 _qCRL
100 _aP.J. Marshall
_91193544
245 0 _a'A Free though Conquering People'
245 0 _bEighteenth-Century Britain and its Empire
260 _bTaylor and Francis
260 _c2003
365 _a
365 _b205
856 _uhttp://www.taylorfrancis.com/books/9781003555575
942 _cEBOOK
999 _c1792699
_d1792699